Manual del derecho de las obligaciones en el Código Civil Chileno

-д хадгалсан:
Номзүйн дэлгэрэнгүй
Үндсэн зохиолч: Vial del Río, Víctor Manuel (Зохиогч)
Формат: Ном
Хэл сонгох:испани
Хэвлэсэн: Santiago Biblioteca Americana 2003
Santiago Universidad Andrés Bello 2003
Нөхцлүүд:
Шошгууд: Шошго нэмэх
Шошго байхгүй, Энэхүү баримтыг шошголох эхний хүн болох!

MARC

LEADER 00000nam a2200000 a 4500
001 UCL4909
003 CL-VaPUC
008 040227e20030000cl |||||||||||||||||spa|d
020 |a 9568239057 
082 0 4 |a 346.8302  |b VIA  |2 21 
100 0 |a Vial del Río, Víctor Manuel  |e author  |9 482627 
245 1 0 |a Manual del derecho de las obligaciones en el Código Civil Chileno 
300 |a 356 p 
942 |c BK 
945 |d 20040227 00:00:00  |a cmena 
260 |a Santiago  |b Biblioteca Americana  |c 2003 
260 |a Santiago  |b Universidad Andrés Bello  |c 2003 
650 0 |a Obligaciones   |9 255578 
650 0 |a Derecho civil chileno  |9 320612 
650 0 |a Código civil chileno  |9 255931 
650 0 |a Contratos  |9 255153 
583 |a last modification  |c 20171005 11:13:49  |k Rodrigo Vera 
999 |c 307663  |d 307661 
952 |0 0  |1 0  |4 0  |6 346_830200000000000_VIA_2003_2003  |7 0  |8 A  |9 373713  |a BIBDER  |b BIBDER  |d 2019-11-21  |i 3985067  |l 4  |m 4  |o 346.8302 VIA 2003 2003  |p 3985067  |r 2024-11-28  |s 2024-11-11  |w 2019-11-21  |y BK  |k DER